A Teratise on Cleanliness (Record no. 61542)
[ view plain ]
| 000 -LEADER | |
|---|---|
| fixed length control field | 00358nam a22001457a 4500 |
| 003 - CONTROL NUMBER IDENTIFIER | |
| control field | MACL |
| 005 - DATE AND TIME OF LATEST TRANSACTION | |
| control field | 20191208164215.0 |
| 008 - FIXED-LENGTH DATA ELEMENTS--GENERAL INFORMATION | |
| fixed length control field | 191208b xxu||||| |||| 00| 0 eng d |
| 040 ## - CATALOGING SOURCE | |
| Transcribing agency | MACL |
| 100 ## - MAIN ENTRY--PERSONAL NAME | |
| Personal name | Bhargava, Rajat |
| 9 (RLIN) | 77360 |
| 245 ## - TITLE STATEMENT | |
| Title | A Teratise on Cleanliness |
| 260 ## - PUBLICATION, DISTRIBUTION, ETC. (IMPRINT) | |
| Place of publication, distribution, etc. | Delhi |
| Name of publisher, distributor, etc. | Jnanada Pra |
| Date of publication, distribution, etc. | 2018 |
| 650 ## - SUBJECT ADDED ENTRY--TOPICAL TERM | |
| Topical term or geographic name as entry element | Environment |
| 9 (RLIN) | 77491 |
| 942 ## - ADDED ENTRY ELEMENTS (KOHA) | |
| Source of classification or shelving scheme | |
| Koha item type | Books |
| Withdrawn status | Lost status | Source of classification or shelving scheme | Damaged status | Not for loan | Home library | Current library | Date acquired | Cost, normal purchase price | Total Checkouts | Full call number | Barcode | Date last seen | Price effective from | Koha item type |
|---|---|---|---|---|---|---|---|---|---|---|---|---|---|---|
| MACL | MACL | 08/12/2019 | 1650.00 | 333 | CRE037120 | 02/05/2024 | 08/12/2019 | Books |









